Influencers a passing trend or the future of marketing?

Bibliográfiai részletek
Szerző: Timár Sára
További közreműködők: Hübner Andrea
Dokumentumtípus: Diplomadolgozat
Kulcsszavak:Influencer marketing
véleményvezérek
Influencer
Online Access:http://dolgozattar.uni-bge.hu/20187

MARC

LEADER 00000nta a2200000 i 4500
001 dolg20187
005 20200302170023.0
008 190502suuuu hu om 000 eng d
040 |a BGE Dolgozattár Repozitórium  |b hun 
041 |a en 
100 1 |a Timár Sára 
245 1 0 |a Influencers  |b a passing trend or the future of marketing?  |c Timár Sára  |h [elektronikus dokumentum] 
695 |a Influencer marketing 
695 |a véleményvezérek 
695 |a Influencer 
700 1 |a Hübner Andrea  |e ths 
856 4 0 |u http://dolgozattar.uni-bge.hu/20187/1/Tim%C3%A1r%20S%C3%A1ra_EDPZBV.pdf  |z Dokumentum-elérés